Statistics for Denver Broncos 1997 Offensive Starters

Click here to take the quiz!

General Stats

  • This quiz has been taken 284 times
  • The average score is 6 of 11

Answer Stats

Hint Answer % Correct
QB #7Elway
100%
RB #30Davis
97%
TE #84Sharpe
85%
WR #80Smith
79%
WR #87McCaffrey
46%
C #66Nalen
39%
FB # 29Griffith
34%
LG #69Schlereth
32%
LT #65Zimmerman
28%
RT #77Jones
26%
RG #75Habib
16%

Score Distribution

Percentile by Number Answered

Percent of People with Each Score

Your Score History

You have not taken this quiz